00394nam a2200145Ia 4500003000900000008004100009040001600050080001500066100001900081245005500100260003400155300001400189650002400203650002100227IN-BaIIA211028s9999 xx 000 0 eng d cIIA Library a521.1bAND aAndoyer, M. H. 0aCours de mecanique celestebvol. IcM. H. Andoyer  aParisbGauthier Villarsc1923 avi, 438p. aCelestial Mechanics aCelestial sphere